Top 50 Countries by GDP(Nominal) - In Order - Statistics

General Stats
  • This quiz has been taken 39 times
  • The average score is 34 of 50
Answer Stats
IMF estim. 2025 (millions of USD) Answer % Correct
19,398,577 C China
100%
4,279,828 J Japan
100%
30,615,743 U United States
100%
2,283,599 C Canada
96%
3,361,557 F France
96%
4,125,213 I India
96%
2,543,677 I Italy
96%
2,540,656 R Russia
96%
3,958,780 U United Kingdom
96%
2,256,910 B Brazil
92%
5,013,574 G Germany
92%
1,862,740 M Mexico
92%
1,039,619 P Poland
92%
1,565,471 T Turkey
92%
1,829,508 A Australia
88%
1,443,256 I Indonesia
88%
1,891,371 S Spain
88%
716,980 B Belgium
84%
1,320,635 N Netherlands
80%
1,002,667 S Switzerland
76%
569,097 U United Arab Emirates
76%
1,858,572 S South Korea
72%
884,387 T Taiwan
72%
566,456 A Austria
68%
708,771 I Ireland
68%
484,726 V Vietnam
68%
683,371 A Argentina
64%
1,268,535 S Saudi Arabia
64%
662,318 S Sweden
60%
561,093 T Thailand
60%
517,102 N Norway
56%
438,121 C Colombia
52%
610,752 I Israel
52%
422,508 R Romania
52%
459,612 D Denmark
48%
470,572 M Malaysia
48%
494,158 P Philippines
48%
574,185 S Singapore
48%
475,011 B Bangladesh
44%
314,724 F Finland
44%
410,495 P Pakistan
44%
300,052 K Kazakhstan
40%
426,383 S South Africa
40%
288,013 A Algeria
36%
383,384 C Czechia
36%
349,264 E Egypt
36%
356,513 I Iran
36%
318,480 P Peru
36%
337,936 P Portugal
36%
347,174 C Chile
28%
No matching quizzes found
Score Distribution
Percent of People with Each Score
Percentile by Number Answered
Your Score History
You have not taken this quiz